Регионална библиотека "Любен Каравелов" - Русе

[То Лийв Ис То Дай] To live is to die (Запис номер 75764)

MARC детайли
000 -Лидер
Контролно поле с фиксирана дължина 01816nam a2200409 c 4500
003 - Код на организацията, давaща контролен номер
Контролно поле BLK
005 - Дата и час на последна редакция
Контролно поле 20180420224156.0
008 - Елементи от данни с фиксирана дължина
fixed length control field 180408b bul|||||r ||||||| ||bul||
010 ## - Наследен системен номер
LC control number KNG00080185000
020 ## - Международен стандартен номер на книга ISBN
Международен стандартен номер на книга ISBN 978-954-92327-6-9
-- издат.: Addix
040 ## - Източник на каталожния запис
Идентификатор на билиотеката - собственик на записа BLK
041 ## - Код за език
Код за езика на текст/звукозапис или на отделно заглавие Български
Код за езика КДБФ Български
072 #7 - Код за тематичната категория
Код организация bullib
Код за тематична категория Н70
Текст Изкуства Н
080 ## - УДК
Текстов определител УДК Други видове песни. Изпълнители
УДК код - определител по УДК 784.7.071.2
УДК определител (73)(092)
УДК - код + определител 784.7.071.2(73)(092)
080 ## - УДК
Текстов определител УДК Метъл-изпълнител
УДК код - определител по УДК 929 Бъртън, Клиф
УДК определител
УДК - код + определител 929 Бъртън, Клиф
100 1# - Редна дума - Автор
Автор Макайвър, Джоел
Авторска отговорност първи автор
R(LIN) 297589
139 ## - Редно поле
Редна дума Макайвър, Джоел
Авторски знак Мак - М 19
245 10 - Сведения за заглавието
Заглавие [То Лийв Ис То Дай] To live is to die
Подзаглавни данни Животът и смъртта на Клиф Бъртън от Metallica
Редно поле (дума) Джоел Макайвър; прев. от англ. Антония Господинова Халачева.
257 ## - Страна на издаване
Страна на създаване/издаване Съединени американски щати
260 ## - Област на издателските данни
-- София
Име на издателя, разпространителя и проч. Addix
Година на издаване 2010
Печатница София : Томел
300 ## - Физическа характеристика
Страници 248 с.
Илюстрации и др. с ил., 6 л. ил.
Размери/Мащаб 24 см
380 ## - Жанр
Жанр Изкуство
500 ## - Общи забележки
Забележка Ориг. загл.: To live is to die: The life and death of "Metallica"'s Cliff Burton / Joel McIver
600 14 - Име на лице, използвано като предмет
За него / За нея Бъртън, Клиф
9 (RLIN) 297590
650 #4 - Допълнително описание по предмет – тема
Основно описание – тема или топоним Металика
9 (RLIN) 161973
650 #4 - Допълнително описание по предмет – тема
Основно описание – тема или топоним Музикални изпълнители, американски
9 (RLIN) 257155
653 ## - Ключова дума – ненормативна
Ключова дума история на музиката
653 ## - Ключова дума – ненормативна
Ключова дума Металика
653 ## - Ключова дума – ненормативна
Ключова дума Клиф Бъртън
659 ## - Тематичен бюлетин
Тематичен бюлетин Н
700 1# - Други автори (авторска отговорност)
Лично име Халачева, Антония Господинова
Автороска отговорност (Описва отношението между автора и произведението) прев. от англ.
9 (RLIN) 291434
852 ## - Местоположение
Форматна сигнатура Цб 274761
856 4# - Електронен адрес и достъп
Електронен формат pdf - файл
Път до файла /url/
856 4# - Електронен адрес и достъп
Електронен формат pdf - файл
Път до файла /url/
942 ## - АРТИКУЛИ
Вид на библиотечния материал Книги
Скрит в OPAC Не
944 ## - СЪЗДАВАНЕ И РЕДАКЦИЯ на ЗАПИСА
Създаване/Редакция Създаване
Дата на регистрацията/редакция 19.06.2015
Служител, извършил регистрацията/редакцията Виолета_Тройчева
944 ## - СЪЗДАВАНЕ И РЕДАКЦИЯ на ЗАПИСА
Създаване/Редакция Редакция
Дата на регистрацията/редакция 28.10.2015
Служител, извършил регистрацията/редакцията Наталия_Медовщикова
999 ## - СИСТЕМНИ КОНТРОЛНИ НОМЕРА
Koha biblionumber 75764
Koha biblioitemnumber 75764
Наличности
Код за отписване Код за изгубен артикул Код за повреда Коз за рестрикции Код за отдаване Артикулен № Име на библиотеката - собственик Име на библиотеката, в която се намира в момента Статус (Текущо местоположение) Дата на вписване в системата Местоположение - отдел Цена в лева Инвентарен номер Систематично азбучна сигнатура Баркод Номер на екземпляра Цена в евро Служебна бележка Служебен тип на артикула
  Не е изгубен Не е повреден без рестрикции ползва се в читалня 123042 Регионална библиотека "Любен Каравелов" Русе Регионална библиотека "Любен Каравелов" Русе Хранилище 2015-06-26 Хранилище 19.99 120000789070 Цб 274761 120000789070 1 10.22 Дост: Dp Вид: Д N: 3 Дата: 12.01.2015 Книги
Vip Innovations Ltd, Rousse, Bulgaria 2025